ბათუმის შოთა რუსთაველის სახელმწიფო უნივერსიტეტის ბიბლიოთეკა

ჩანაწერი Topical Term

ჩანაწერთა რაოდენობა, რომელიც გამოყენებულია: 1

001 - CONTROL NUMBER

  • control field: 680

003 - CONTROL NUMBER IDENTIFIER

  • control field: GE_BSU

005 - DATE AND TIME OF LATEST TRANSACTION

  • control field: 20190503145917.0

008 - FIXED-LENGTH DATA ELEMENTS

  • fixed length control field: 190503|| aca||aabn | a|a d

040 ## - CATALOGING SOURCE

  • Original cataloging agency: GE_BSU
  • Transcribing agency: GE_BSU

150 ## - HEADING--TOPICAL TERM

  • Topical term or geographic name entry element: Computer networks
  • General subdivision: Access control.

670 ## - SOURCE DATA FOUND

  • Source citation: Work cat.: (GE_BSU)36339: Carter, Earl. 677, Intrusion prevention fundamentals /, c2006.